Wykonawcy muzyczni na literę S - Statystyki

Ogólne statystyki
  • Ten quiz został rozwiązany 20 razy
  • Średni wynik to 7 z 20
Statystyki odpowiedzi
Lata aktywności Państwo Piosenki Zespół lub artysta % Poprawnych
1995– Hips Don't Lie | Whenever, Wherever Shakira
100%
1996–2000 Wannabe | 2 Become 1 Spice Girls
65%
1991– Kiss From a Rose | Stand By Me Seal
59%
1988–2017 Black Hole Sun | Spoonman Soundgarden
53%
2015– Espresso | Taste Sabrina Carpenter
47%
1987–2023 Nothing Compares 2 U | All Apologies Sinéad O'Connor
47%
1993– It Wasn't Me | Angel Shaggy
41%
2015– Señorita | Treat You Better Shawn Mendes
41%
1977–1978 Anarchy in the U.K. | God Save the Queen Sex Pistols
35%
1993– Gin and Juice | Drop It Like Its Hot Snoop Dogg
35%
1969– Oye Como Va | Black Magic Woman Santana
29%
1962– Superstition | My Cherie Amour Stevie Wonder
29%
2014– Stay With Me | Too Good at Goodbyes Sam Smith
24%
1964–1970 Bridge Over Trouble Water | Cecilia Simon & Garfunkel
24%
1968–2018 Born To Be Wild | Magic Carpet Ride Steppenwolf
24%
2010– Don't You Worry Child | Miami 2 Ibiza Swedish House Mafia
24%
1986– Push It | Shoop Salt-n-Pepa
12%
1988– Baby Got Back | Posse on Broadway Sir Mix-a-Lot
12%
1965–1977 I Got You Babe | The Beat Goes On Sonny & Cher
6%
2001– Last Nite | Reptilia The Strokes
6%
Nie znaleziono quizów pasujących do podanych kryteriów
Rozkład punktacji
Procent ludzi z każdym wynikiem
Percentyl według liczby udzielonych odpowiedzi
Twoja historia wyników
Nie rozwiązałeś tego quizu